UBT Library

CORRECTIONS IN THE COMMUNITY (Record no. 23570)

000 -LEADER
fixed length control field 00313nam a22001337a 4500
008 - FIXED-LENGTH DATA ELEMENTS--GENERAL INFORMATION
fixed length control field 170815b xxu||||| |||| 00| 0 eng d
020 ## - INTERNATIONAL STANDARD BOOK NUMBER
International Standard Book Number 9781583605547
041 ## - LANGUAGE CODE
Language code of text/sound track or separate title eng
080 ## - UNIVERSAL DECIMAL CLASSIFICATION NUMBER
Edition identifier 3 ED
Universal Decimal Classification number 51
100 ## - Rafti
Rafti 36
101 ## - Shkurtesa
Shkurtesa NAT
245 ## - TITLE STATEMENT
Title CORRECTIONS IN THE COMMUNITY
Statement of responsibility, etc LATESSA.E.J
942 ## - ADDED ENTRY ELEMENTS (KOHA)
Source of classification or shelving scheme
Item type Books

No items available.

UBT Library © 2015-2024. All rights reserved University Education for Business and Technology